| 000 | 00537nam a22001937a 4500 | ||
|---|---|---|---|
| 003 | OSt | ||
| 005 | 20160621181738.0 | ||
| 008 | 160621b xxu||||| |||| 00| 0 eng d | ||
| 020 | _a0736000798 | ||
| 040 | _cDNLM. | ||
| 082 | _aQT255B79p 1998. | ||
| 100 |
_aBrooks,Douglas; _99501 |
||
| 245 |
_aProgram Design for Personal Trainers, _bBringing Theory into application. |
||
| 260 |
_aAustraria. _bHuman Kinetics. _c1998. |
||
| 300 |
_a327p; _bill; _c26cm. |
||
| 504 | _aincludes index. | ||
| 650 |
_aPhysiology. _9215 |
||
| 942 |
_2z _cO_SHELF |
||
| 999 |
_c4423 _d4423 |
||